[Event "DEM U10 2017"]
[Site "Willingen GER"]
[Date "2017.06.08"]
[Round "8"]
[White "Krüger, Arthur"]
[Black "Greßler, Christian"]
[Result "1-0"]
[Termination "normal"]
[Board "22"]
[WhiteElo "1116"]
[BlackElo "1198"]
[PlyCount "101"]
[WhiteFideId "16244966"]
[BlackFideId "16244907"]
[EventCountry "GER"]
[EventRounds "11"]
[EventType "swiss"]
[EventDate "2017.06.03"]

1. e4 e5 2. Nf3 Nc6 3. Bc4 Bc5 4. O-O d6 5. c3 a6 6. d4 Ba7 7. dxe5 Bg4 8. exd6
Bxf3 9. Qxf3 Ne5 10. Qe2 Nxc4 11. Qxc4 Qxd6 12. Nd2 Nf6 13. Nf3 O-O 14. e5 b5
15. Qb3 Qb6 16. exf6 Qxf6 17. Bg5 Qc6 18. Rfe1 Qc5 19. Re2 Rfe8 20. Rae1 Rxe2
21. Rxe2 Qf5 22. Qc2 Qc5 23. Qe4 Qf8 24. Qe7 f6 25. Qxf8+ Kxf8 26. Bf4 c5 27.
h3 Kf7 28. Bd6 Rd8 29. Re7+ Kg6 30. Bf4 Bb6 31. Nh4+ Kh5 32. Rxg7 h6 33. Rg6
Rb8 34. g3 Bd8 35. Rg7 f5 36. Rf7 Bxh4 37. gxh4 Kxh4 38. Rxf5 Kxh3 39. Rxc5
Rg8+ 40. Kf1 Rh8 41. Rh5+ Kg4 42. Rxh6 Rd8 43. Rd6 Re8 44. Bg3 Kf3 45. Rxa6 Re2
46. b3 Rb2 47. Rf6+ Ke4 48. Rf4+ Kd3 49. Rb4 Kxc3 50. Be5+ Kxb4 51. Bxb2 1-0

[Event "DEM U10 2017"]
[Site "Willingen GER"]
[Date "2017.06.08"]
[Round "8"]
[White "May, Alexander"]
[Black "Willsch, Justin"]
[Result "0-1"]
[Termination "normal"]
[Board "23"]
[WhiteElo "1112"]
[BlackElo "1221"]
[PlyCount "98"]
[WhiteFideId "16244974"]
[BlackFideId "16229762"]
[EventCountry "GER"]
[EventRounds "11"]
[EventType "swiss"]
[EventDate "2017.06.03"]

1. d4 Nf6 2. Bf4 g6 3. Nc3 Bg7 4. Qd2 O-O 5. O-O-O Ng4 6. e4 d6 7. f3 Nf6 8.
Bh6 Nc6 9. g4 e5 10. d5 Nb8 11. h4 Re8 12. Bxg7 Kxg7 13. h5 Nbd7 14. hxg6 fxg6
15. Qh6+ Kg8 16. g5 Nh5 17. Nge2 Nf8 18. Bh3 Bxh3 19. Rxh3 Qd7 20. Rhh1 Qg7 21.
Qxg7+ Kxg7 22. Nb5 Re7 23. Rd3 a6 24. Nbc3 Nd7 25. Nd1 Nc5 26. Rc3 b5 27. Ne3
b4 28. Rc4 a5 29. c3 Rb8 30. cxb4 axb4 31. Rc2 Ra8 32. b3 Nxb3+ 33. Kb2 Nc5 34.
Ng4 Rf7 35. Rf1 Ra3 36. Ng1 Ng3 37. Rff2 Nd3+ 38. Kb1 Nxf2 39. Rxf2 Rd3 40. Kc2
Rc3+ 41. Kb2 Nh5 42. Nh6 Rf8 43. Ng4 Nf4 44. Rf1 Nd3+ 45. Kb1 Rb8 46. Nf6 b3
47. axb3 Rbxb3+ 48. Ka2 Rb2+ 49. Ka1 Ra3# 0-1

[Event "DEM U10 2017"]
[Site "Willingen GER"]
[Date "2017.06.08"]
[Round "8"]
[White "Meusel, Johannes"]
[Black "Prizker, Maximilian"]
[Result "1/2-1/2"]
[Termination "normal"]
[Board "24"]
[WhiteElo "1212"]
[BlackElo "1016"]
[PlyCount "58"]
[WhiteFideId "16244893"]
[BlackFideId "16225686"]
[EventCountry "GER"]
[EventRounds "11"]
[EventType "swiss"]
[EventDate "2017.06.03"]

1. e4 c5 2. Nf3 d6 3. d4 cxd4 4. Nxd4 Nf6 5. Nc3 e6 6. f3 Nc6 7. Be3 a6 8. Qd2
Bd7 9. O-O-O Be7 10. g4 Nxd4 11. Bxd4 O-O 12. h4 Ne8 13. f4 Bxh4 14. Qh2 g5 15.
Be3 h6 16. Kb1 f6 17. Bf2 Bxf2 18. Qxf2 Kg7 19. Qh2 Rh8 20. fxg5 fxg5 21. Bd3
Qe7 22. Rdf1 Nf6 23. Qg3 e5 24. Nd5 Nxd5 25. exd5 Raf8 26. Bf5 Bxf5 27. gxf5
Rf6 28. Qg4 Rhf8 29. Rh5 Qd7 1/2-1/2

[Event "DEM U10 2017"]
[Site "Willingen GER"]
[Date "2017.06.08"]
[Round "8"]
[White "Friedhoff, Mirco"]
[Black "Bock, Marlon"]
[Result "1/2-1/2"]
[Termination "normal"]
[Board "25"]
[WhiteElo "1095"]
[BlackElo "1148"]
[PlyCount "49"]
[WhiteFideId "16243447"]
[BlackFideId "16244931"]
[EventCountry "GER"]
[EventRounds "11"]
[EventType "swiss"]
[EventDate "2017.06.03"]

1. e4 c5 2. Nc3 Nc6 3. Nf3 e6 4. Bb5 Qc7 5. d3 d6 6. Qe2 a6 7. Ba4 b5 8. Bb3
Nf6 9. a4 Bb7 10. O-O Be7 11. Bf4 b4 12. Nd1 O-O 13. Ne3 Rfe8 14. c3 Qd7 15. d4
Nxe4 16. Nc4 Qd8 17. Qxe4 d5 18. Qd3 dxc4 19. Bxc4 bxc3 20. bxc3 cxd4 21. cxd4
Bf6 22. Be5 Bxe5 23. dxe5 Qxd3 24. Bxd3 Rad8 25. Be4 1/2-1/2

[Event "DEM U10 2017"]
[Site "Willingen GER"]
[Date "2017.06.08"]
[Round "8"]
[White "Schott, Andy"]
[Black "Sommer, Justus"]
[Result "0-1"]
[Termination "normal"]
[Board "27"]
[WhiteElo "1143"]
[BlackElo "1081"]
[PlyCount "70"]
[WhiteFideId "16244940"]
[BlackFideId "16245008"]
[EventCountry "GER"]
[EventRounds "11"]
[EventType "swiss"]
[EventDate "2017.06.03"]

1. e4 e5 2. Nf3 Nc6 3. Bc4 d6 4. h3 Be7 5. d4 exd4 6. Nxd4 Nf6 7. Nc3 O-O 8.
O-O Ne5 9. Bd3 Re8 10. Be3 b6 11. f4 Ng6 12. Qd2 Bb7 13. Rae1 Nd7 14. Nf5 Nc5
15. Bd4 Nxd3 16. cxd3 Bf6 17. Bf2 Ne7 18. Ng3 Ng6 19. Nh5 Bh4 20. Re2 Bxf2+ 21.
Rexf2 Qh4 22. Ng3 Qxg3 23. f5 Ne5 24. d4 Nd7 25. d5 Qe5 26. Qg5 h6 27. Qg4 Nf6
28. Qf4 Qe7 29. Re1 Nxd5 30. Nxd5 Bxd5 31. a3 Bb7 32. Rfe2 Qe5 33. Qh4 Qd4+ 34.
Kh1 d5 35. e5 Qxh4 0-1

[Event "DEM U10 2017"]
[Site "Willingen GER"]
[Date "2017.06.08"]
[Round "8"]
[White "Tran Minh, Hieu"]
[Black "Fröhlich, Niklas"]
[Result "1-0"]
[Termination "normal"]
[Board "28"]
[WhiteElo "1315"]
[BlackElo "1023"]
[PlyCount "79"]
[WhiteFideId "16244877"]
[BlackFideId "16245016"]
[EventCountry "GER"]
[EventRounds "11"]
[EventType "swiss"]
[EventDate "2017.06.03"]

1. e4 c5 2. Nf3 d6 3. c3 Nf6 4. d3 e6 5. g3 Be7 6. Bg2 Nc6 7. O-O h5 8. Bg5 Nd7
9. Bxe7 Qxe7 10. Nbd2 g5 11. Qe2 h4 12. Rad1 hxg3 13. fxg3 Qf6 14. Qe3 Rg8 15.
Nc4 Qe7 16. Rde1 b5 17. Ncd2 g4 18. Nh4 Bb7 19. a3 a5 20. d4 cxd4 21. cxd4 e5
22. Nf5 Qf8 23. d5 Nd8 24. Qh6 Qxh6 25. Nxh6 Rg7 26. Nf5 Rg6 27. a4 bxa4 28.
Nc4 Kf8 29. Ncxd6 Ba6 30. Rf2 Nb7 31. Nxb7 Bxb7 32. Nh4 Rb6 33. h3 gxh3 34.
Bxh3 Nc5 35. Ng6+ Kg7 36. Nxe5 f6 37. Nd7 Nxd7 38. Bxd7 Rh8 39. Bxa4 Rd6 40.
Kg2 1-0

[Event "DEM U10 2017"]
[Site "Willingen GER"]
[Date "2017.06.08"]
[Round "8"]
[White "Hubert, Nikita"]
[Black "Zinnikus, Elias"]
[Result "0-1"]
[Termination "normal"]
[Board "29"]
[WhiteElo "957"]
[BlackElo "776"]
[PlyCount "48"]
[WhiteFideId "16235754"]
[BlackFideId "16245024"]
[EventCountry "GER"]
[EventRounds "11"]
[EventType "swiss"]
[EventDate "2017.06.03"]

1. Nf3 Nf6 2. g3 g6 3. Bg2 Bg7 4. Nc3 d6 5. b3 O-O 6. Bb2 Nc6 7. O-O e5 8. e4
Be6 9. Re1 Qd7 10. Ng5 Bg4 11. f3 Be6 12. Nxe6 Qxe6 13. Nb5 Rac8 14. Bf1 a6 15.
Nc3 Nd4 16. Bc4 Qh3 17. Bf1 Qd7 18. a4 c6 19. Ne2 Nxf3+ 20. Kf2 Nxe1 21. Kxe1
Nxe4 22. d3 Nf6 23. d4 exd4 24. Bxd4 Rfe8 0-1